From strength to strength (Record no. 79926)

MARC details
000 -LEADER
fixed length control field 00939cab a22001935a 4500
001 - CONTROL NUMBER
control field L142733
008 - FIXED-LENGTH DATA ELEMENTS--GENERAL INFORMATION
fixed length control field 080304s2008 xxk f s 000 0 eng d
035 ## - SYSTEM CONTROL NUMBER
System control number (Sirsi) u142733
041 0# - LANGUAGE CODE
Language code of text/sound track or separate title eng
100 1# - MAIN ENTRY--PERSONAL NAME
Personal name Denbee, Rose
245 00 - TITLE STATEMENT
Title From strength to strength
260 ## - PUBLICATION, DISTRIBUTION, ETC.
Date of publication, distribution, etc. 2008
490 ## - SERIES STATEMENT
Series statement Property Forecast
Volume/sequential designation 11(2) February 2008, 8-9(2)
520 ## - SUMMARY, ETC.
Summary, etc. Reports on the UK student accommodation, which has seen significant growth in recent years. Considers factors contributing to this, which include increases in student numbers since 2007, a strong increase in privately developed, purpose built accommodation and university led developments. This sector is now being seen as a unique asset class by both financial institutions and developers. Notes that both London and continental Europe both offer a number of opportunities.
590 ## - LOCAL NOTE (RLIN)
Local note KA
651 #4 - SUBJECT ADDED ENTRY--GEOGRAPHIC NAME
Geographic name United Kingdom
Chronological subdivision
690 ## - LOCAL SUBJECT ADDED ENTRY--TOPICAL TERM (OCLC, RLIN)
Topical term or geographic name as entry element Residential property
9 (RLIN) 6266
942 ## - ADDED ENTRY ELEMENTS (KOHA)
Suppress in OPAC 0
Holdings
Withdrawn status Lost status Source of classification or shelving scheme Damaged status Not for loan Home library Current library Shelving location Date acquired Total Checkouts Full call number Barcode Date last seen Copy number Price effective from Koha item type
    Dewey Decimal Classification     London London Journal article 04/03/2008   L142733 142733-1001 06/08/2019 1 06/08/2019 Journal article